Дъжд вали - слънце грее (Запис номер 156956)
[ съкратено ]
| 000 -Лидер | |
|---|---|
| Контролно поле с фиксирана дължина | 01199nam a2200313 a 4500 |
| 003 - Код на организацията, давaща контролен номер | |
| Контролно поле | BLK |
| 005 - Дата и час на последна редакция | |
| Контролно поле | 20240925005446.0 |
| 008 - Елементи от данни с фиксирана дължина | |
| fixed length control field | 180410b bul|||||r ||||||| ||bul|| |
| 010 ## - Наследен системен номер | |
| LC control number | KNG00163835000 |
| 040 ## - Източник на каталожния запис | |
| Идентификатор на билиотеката - собственик на записа | BLK |
| 041 ## - Код за език | |
| Код за езика на текст/звукозапис или на отделно заглавие | Български |
| Код за езика КДБФ | Български |
| 080 ## - УДК | |
| Текстов определител УДК | Българска литература |
| УДК код - определител по УДК | 821.163.2 |
| УДК определител | -1 |
| УДК - код + определител | 821.163.2-1 |
| 100 ## - Редна дума - Автор | |
| Автор | Петров, Валери |
| Дати, свързани с автора | 1920 - 2014 |
| Пълна форма на името | Меворах, Валери Нисим |
| R(LIN) | 363347 |
| 139 ## - Редно поле | |
| Редна дума | Петров, Валери |
| Авторски знак | Петро - П 47 |
| 245 10 - Сведения за заглавието | |
| Заглавие | Дъжд вали - слънце грее |
| Подзаглавни данни | Стихотворения |
| Редно поле (дума) | Валери Петров; * Валери Нисим Меворах. |
| 257 ## - Страна на издаване | |
| Страна на създаване/издаване | България |
| 260 ## - Област на издателските данни | |
| Място на издаване, разпространение и проч. | София |
| Име на издателя, разпространителя и проч. | Бълг. писател |
| Година на издаване | 1967 |
| 300 ## - Физическа характеристика | |
| Страници | 88 с. |
| Размери/Мащаб | 25 см |
| 380 ## - Жанр | |
| Жанр | Худож. лит. |
| 500 ## - Общи забележки | |
| Забележка | Истинското име на авт. е Валери Нисим Меворах. - 3 100 тир. |
| 653 ## - Ключова дума – ненормативна | |
| Ключова дума | стихотворения |
| 700 1# - Други автори (авторска отговорност) | |
| Лично име | Меворах, Валери Нисим |
| Автороска отговорност (Описва отношението между автора и произведението) | * |
| 9 (RLIN) | 367575 |
| 852 ## - Местоположение | |
| Форматна сигнатура | Цб 43634 |
| Фондова буква | Хранилище |
| 856 4# - Електронен адрес и достъп | |
| Електронен формат | pdf - файл |
| 856 4# - Електронен адрес и достъп | |
| Електронен формат | pdf - файл |
| 999 ## - СИСТЕМНИ КОНТРОЛНИ НОМЕРА | |
| Koha biblionumber | 156956 |
| Koha biblioitemnumber | 156956 |
| 942 ## - АРТИКУЛИ | |
| Вид на библиотечния материал | Книги |
| Скрит в OPAC | Не |
| Koha issues (borrowed), all copies | 2 |
| Периодичен библиозапис | Да |
| 944 ## - СЪЗДАВАНЕ И РЕДАКЦИЯ на ЗАПИСА | |
| Създаване/Редакция | Създаване |
| Дата на регистрацията/редакция | 28.07.2014 |
| Статус, дата на статуса | CRON CRON |
| Служител, извършил регистрацията/редакцията | |
| 944 ## - СЪЗДАВАНЕ И РЕДАКЦИЯ на ЗАПИСА | |
| Създаване/Редакция | Редакция |
| Дата на регистрацията/редакция | 28.07.2014 |
| Статус, дата на статуса | 28.07.2014 - от С1,Р / 28.07.2014 |
| Код за отписване | Код за изгубен артикул | Източник на класификационната схема | Код за повреда | Коз за рестрикции | Код за отдаване | Артикулен № | Име на библиотеката - собственик | Име на библиотеката, в която се намира в момента | Статус (Текущо местоположение) | Дата на вписване в системата | Местоположение - отдел | Цена в лева | Инвентарен номер | Систематично азбучна сигнатура | Баркод | Номер на екземпляра | Цена в евро | Служебна бележка | Служебен тип на артикула |
|---|---|---|---|---|---|---|---|---|---|---|---|---|---|---|---|---|---|---|---|
| Не е изгубен | Universal Decimal Classification | Не е повреден | само за читалня | ползва се в читалня | 262856 | Регионална библиотека "Любен Каравелов" Русе | Регионална библиотека "Любен Каравелов" Русе | Хранилище | 1967-01-01 | Хранилище | 0.00 | 2644/68 | Цб 43634 | 900000100659 | 1 | 0.00 | N: стар фонд Дата: 01.01.1967 | Книги | |
| Изтеглен | Не е изгубен | Universal Decimal Classification | Не е повреден | без рестрикции | заемане за дома | 262857 | Регионална библиотека "Любен Каравелов" Русе | Регионална библиотека "Любен Каравелов" Русе | Заемна - подръчен фонд | 1967-01-01 | Заемна - подръчен фонд | 0.00 | 2372/68 | П 886.7-1/П 47 | 2372/68 | 2 | 0.00 | N: стар фонд Дата: 01.01.1967 | Книги |
| Не е изгубен | Universal Decimal Classification | Не е повреден | без рестрикции | заемане за дома | 262858 | Регионална библиотека "Любен Каравелов" Русе | Регионална библиотека "Любен Каравелов" Русе | Заемна - подръчен фонд | 1967-01-01 | Заемна - подръчен фонд | 0.57 | 2374/68 | П 886.7-1/П 47 | 900000042457 | 3 | 0.29 | N: стар фонд Дата: 01.01.1967 Дата инв: 14.02.2018 Бележки инв: П2018 | Книги |